Net state domestic product of Orissa (Record no. 496924)

000 -LEADER
fixed length control field 00415cam a22001217a 4500
008 - FIXED-LENGTH DATA ELEMENTS--GENERAL INFORMATION
fixed length control field 180718b xxu||||| |||| 00| 0 eng d
082 ## - DEWEY DECIMAL CLASSIFICATION NUMBER
Classification number T13x5414
245 ## - TITLE STATEMENT
Title Net state domestic product of Orissa
Statement of responsibility, etc. by Directorate of Economics & Statistics
260 ## - PUBLICATION, DISTRIBUTION, ETC.
Place of publication, distribution, etc. Bhubaneswar
Name of publisher, distributor, etc. Government of Orissa
Date of publication, distribution, etc.
300 ## - PHYSICAL DESCRIPTION
Extent v.p.
500 ## - GENERAL NOTE
General note Contents: Library has 1950-51- 1988-89
700 ## - ADDED ENTRY--PERSONAL NAME
Personal name Orissa. Directorate of Economics & Statistics
Holdings
Withdrawn status Lost status Damaged status Not for loan Permanent Location Current Location Date acquired Full call number Barcode Date last seen Price effective from Koha item type
        Indian Institute of Public Administration Indian Institute of Public Administration 2018-08-04 T13x5414 GG21423 2018-08-04 2018-08-04 GG

Powered by Koha